Supreme Court criminal digest (1950-2010) / (Record no. 92467)
[ view plain ]
| 000 -LEADER | |
|---|---|
| fixed length control field | 00945nam a22002177a 4500 |
| 005 - DATE AND TIME OF LATEST TRANSACTION | |
| control field | 20150428120340.0 |
| 010 ## - LCCN (DPL NO) | |
| LC control number | ENG-112430-433 |
| 020 ## - INTERNATIONAL STANDARD BOOK NUMBER | |
| International Standard Book Number | 9788180386480 (set of 4 vols.) |
| Terms of availability | 6995.00 (set price) |
| 035 ## - SYSTEM CONTROL NUMBER | |
| System control number | EN-95962-965 |
| 037 ## - SOURCE OF ACQUISITION | |
| Source of stock number/acquisition | DBAD/PUB |
| 082 ## - DEWEY DECIMAL CLASSIFICATION NUMBER | |
| Classification number | 345.405002468 |
| 100 ## - MAIN ENTRY--PERSONAL NAME | |
| Personal name | Soonavala, J.K. |
| 245 ## - TITLE STATEMENT | |
| Title | Supreme Court criminal digest (1950-2010) / |
| Remainder of title | by J.K.Soonavala ; edited by V.R. Manohar |
| 250 ## - EDITION STATEMENT | |
| Edition statement | 5th rev. & enl. ed |
| 260 ## - PUBLICATION, DISTRIBUTION, ETC. (IMPRINT) | |
| Place of publication, distribution, etc | Gurgaon |
| Name of publisher, distributor, etc | LexisNexis |
| Date of publication, distribution, etc | 2011 |
| 270 ## - ADDRESS | |
| Address | 14th Floor, Building No.10, Tower-B, DLF Cyber City, Phase-II |
| City | Gurgaon |
| Postal code | 122002 |
| 300 ## - PHYSICAL DESCRIPTION | |
| Extent | 4V.(clx,1391p.; clviii,1395-2820p.; cxcviii,2821-4511p.; clv,4513-5985p.)) |
| Dimensions | 25cm(Hb) |
| 505 ## - FORMATTED CONTENTS NOTE | |
| Formatted contents note | v.1- A-C- Abandon to cognizable ; v.2- C-D -Cognizance to dominion over property ; v.3- D-O- Donation to over-ruled decision; v.4- P-End- Panchnama to end |
| 700 ## - ADDED ENTRY--PERSONAL NAME | |
| Personal name | Manohar, V.R. |
| 942 ## - ADDED ENTRY ELEMENTS (KOHA) | |
| Source of classification or shelving scheme | Dewey Decimal Classification |
| Item type | English Books |
| Call number suffix | SOO |
| Classification part | 345.405002468 |
| Withdrawn status | Lost status | Materials specified (bound volume or other part) | Not for loan | Collection code | Home library | Current library | Date acquired | Source of acquisition | Cost, normal purchase price | Full call number | Barcode | Copy number | Cost, replacement price | Koha item type |
|---|---|---|---|---|---|---|---|---|---|---|---|---|---|---|
| v.1 | Not For Loan | Non-fiction | D.B.Act.Division | D.B.Act.Division | 24/03/2015 | DBAD/PUB | 6995.00 | 345.405002468 SOO | EN-95962 | 1 | 6995.00 | English Books | ||
| v.2 | Not For Loan | Non-fiction | D.B.Act.Division | D.B.Act.Division | 24/03/2015 | DBAD/PUB | 6995.00 | 345.405002468 SOO | EN-95963 | 1 | 6995.00 | English Books | ||
| v.3 | Not For Loan | Non-fiction | D.B.Act.Division | D.B.Act.Division | 24/03/2015 | DBAD/PUB | 6995.00 | 345.405002468 SOO | EN-95964 | 1 | 6995.00 | English Books | ||
| v.4 | Not For Loan | Non-fiction | D.B.Act.Division | D.B.Act.Division | 24/03/2015 | DBAD/PUB | 6995.00 | 345.405002468 SOO | EN-95965 | 1 | 6995.00 | English Books |
